Score 0/12 Timer 01:00
2 Plays Today
% Correct
Dushanbe
84.4%
Almaty
83.6%
Gdańsk
83.5%
Bishkek
82.6%
Minsk
81.8%
Lviv
79.5%
Kaunas
76.5%
Samarqand
76%
Gomel
75.5%
Jelgava
68.1%
Donetsk
66.5%
Mogilev
57.1%

Today's Daily Dose

Remove Ads.
Support Sporcle.
Get the best of Sporcle when you Go Orange. This ad-free experience offers more features, more stats, and more fun while also helping to support Sporcle. Thank you for becoming a member.

You're not logged in!

Compare scores with friends on all Sporcle quizzes.
OR
Log In

Show Comments

Extras

Top Quizzes Today


Score Distribution

Your Account Isn't Verified!

In order to create a playlist on Sporcle, you need to verify the email address you used during registration. Go to your Sporcle Settings to finish the process.

Report this User

Report this user for behavior that violates our Community Guidelines.

Details: